Vybrané aspekty trhu práce na Slovensku s dôrazom na absolventov vysokých škôl diplomová práca

Na minha lista:
Detalhes bibliográficos
Autor principal: Maliková, Nikola
Autor Corporativo: Podnikovohospodárska fakulta EU so sídlom v Košiciach. Katedra ekonómie
Outros Autores: Bačová, Monika
Formato: Livro
Idioma:eslovaco
Publicado em: Košice 2017
Tags: Adicionar Tag
Sem tags, seja o primeiro a adicionar uma tag!

MARC

LEADER 00000nbm a2200000 4500
001 0231532
005 20240827093221.6
041 0 |a slo 
044 |a SK 
245 1 0 |a Vybrané aspekty trhu práce na Slovensku s dôrazom na absolventov vysokých škôl  |b diplomová práca  |c Nikola Maliková ; školiteľ: Monika Bačová 
264 1 |a Košice  |c 2017 
300 |a 78 s. 
100 1 |a Maliková, Nikola 
700 1 |a Bačová, Monika 
710 2 |a Podnikovohospodárska fakulta EU so sídlom v Košiciach. Katedra ekonómie